000 00305nam a2200121Ia 4500
008 220204s9999 xx 000 0 und d
082 _bKHA
100 _aKHARBANDA, V K
245 0 _aPayment of bonus act 1965 with rules
260 _aAllahabad
_bLaw Publishers
_c1983
650 _aBonus act
942 _cBK
999 _c38385
_d38385